[Event "Jan Macieja Memorial"]
[Site "Warsaw POL"]
[Date "2023.07.10"]
[Round "10.33"]
[White "Kaminski, Maciej"]
[Black "Kultiyasov, Mikhail"]
[Result "0-1"]
[WhiteElo "1905"]
[BlackElo "2104"]
[EventDate "2023.07.10"]
[PlyCount "106"]

1.e4 c5 2.Nf3 e6 3.d4 cxd4 4.Nxd4 a6 5.Bd3 Bc5 6.Nb3 Be7 7.Qg4 g6 8.Qe2 d6 
9.O-O Nd7 10.f4 Qc7 11.c4 Ngf6 12.Nc3 b6 13.f5 Ne5 14.fxg6 hxg6 15.Bg5 Nfg4 
16.Bxe7 Qxe7 17.h3 Nf6 18.Rad1 Bb7 19.Bb1 Nh5 20.Qf2 Qc7 21.Rc1 g5 22.Na4 Nf4 
23.Qxb6 Qxb6+ 24.Nxb6 Ne2+ 25.Kf2 Nxc1 26.Nxa8 Nxb3 27.Nc7+ Kd7 28.Nxa6 Nd2 
29.Rd1 Bxa6 30.Rxd2 Nxc4 31.Rc2 Ne5 32.Rd2 Rb8 33.b3 Ke7 34.Rc2 Kd7 35.Rd2 Rc8 
36.Rd1 Ke7 37.g3 Nc6 38.h4 gxh4 39.gxh4 Rh8 40.Rh1 Ne5 41.Ke3 Ng4+ 42.Kf4 Nf2 
43.Rh2 Nd3+ 44.Ke3 Ne5 45.h5 Ng4+ 46.Kf4 Nxh2 47.Kg5 f6+ 48.Kg6 Ng4 49.Bc2 Rh6+ 
50.Kg7 Rxh5 51.a4 Rg5+ 52.Kh7 Kf7 53.b4 Rh5# 0-1

[Event "Jan Macieja Memorial"]
[Site "Warsaw POL"]
[Date "2023.07.10"]
[Round "10.34"]
[White "Pesko, Tomasz"]
[Black "Sanz, Losada Victoriano"]
[Result "0-1"]
[WhiteElo "1904"]
[BlackElo "2010"]
[EventDate "2023.07.10"]
[PlyCount "50"]

1.d4 Nf6 2.c4 g6 3.Nc3 Bg7 4.e4 d6 5.f4 O-O 6.Nf3 c5 7.d5 b5 8.cxb5 a6 9.Qc2 
axb5 10.Bxb5 Ba6 11.O-O Bxb5 12.Nxb5 Na6 13.Bd2 Nb4 14.Qb1 Qb6 15.Nc3 c4+ 
16.Kh1 Nd3 17.e5 Ng4 18.g3 dxe5 19.fxe5 Ngxe5 20.Nxe5 Bxe5 21.b3 Rab8 22.Qc2 
Qd4 23.Ne2 Qe4+ 24.Kg1 Qxe2 25.bxc4 Bd4+ 0-1

[Event "Jan Macieja Memorial"]
[Site "Warsaw POL"]
[Date "2023.07.10"]
[Round "10.35"]
[White "Jakubowska, Anna"]
[Black "Malik, Maciej"]
[Result "0-1"]
[WhiteElo "2001"]
[BlackElo "1886"]
[EventDate "2023.07.10"]
[PlyCount "116"]

1.e4 d6 2.d4 Nf6 3.Nc3 g6 4.g3 Bg7 5.Bg2 O-O 6.Nge2 e5 7.O-O exd4 8.Nxd4 Re8 
9.h3 Nc6 10.Be3 Rb8 11.Nde2 b5 12.Rc1 b4 13.Nd5 Nxe4 14.b3 Bb7 15.Nef4 Nc3 
16.Nxc3 bxc3 17.Nd5 Nb4 18.Bxa7 Ra8 19.Nxb4 Rxa7 20.Nc6 Bxc6 21.Bxc6 Re5 22.a4 
Bh6 23.Ra1 Bd2 24.Qf3 Qe7 25.Bb5 d5 26.Bd3 c5 27.a5 Qc7 28.Qf6 Re6 29.Qf3 Rxa5 
30.Rxa5 Qxa5 31.Qxd5 Qb4 32.Bc4 Kg7 33.Qd7 Rf6 34.Qd5 h5 35.Qe4 Qb6 36.Qd5 Qc7 
37.Kg2 h4 38.g4 Qf4 39.Ra1 Qxf2+ 40.Kh1 Qg3 41.Qg2 Qe5 42.Ra7 Qe1+ 43.Qg1 Qe4+ 
44.Qg2 Qe1+ 45.Qg1 Qxg1+ 46.Kxg1 Be3+ 47.Kg2 Rf2+ 48.Kh1 Rxc2 49.Rxf7+ Kh6 
50.Rf8 Rc1+ 51.Kg2 c2 52.Bd3 Rg1+ 53.Kf3 c1=Q 54.Ke4 Bg5 55.Rh8+ Kg7 56.Rc8 
Qe3+ 57.Kd5 Qxd3+ 58.Kc6 Rf1 0-1

[Event "Jan Macieja Memorial"]
[Site "Warsaw POL"]
[Date "2023.07.10"]
[Round "10.36"]
[White "Zareba, Piotr"]
[Black "Bartel, Marta"]
[Result "0-1"]
[WhiteElo "1743"]
[BlackElo "1985"]
[EventDate "2023.07.10"]
[PlyCount "160"]

1.e4 c5 2.Nf3 Nc6 3.d4 cxd4 4.Nxd4 Nf6 5.Nc3 d6 6.Bg5 Qb6 7.Nxc6 bxc6 8.Qd2 e5 
9.Bc4 Be7 10.O-O Qd4 11.Qxd4 exd4 12.Ne2 h6 13.Bf4 c5 14.e5 dxe5 15.Bxe5 O-O 
16.Ng3 Nd7 17.Bf4 Nb6 18.Be2 Bb7 19.Nf5 Bf6 20.Bf3 Bxf3 21.gxf3 Nd5 22.Bd6 Rfc8 
23.Rfe1 Rc6 24.Bg3 Nb4 25.Rac1 Nxa2 26.Ra1 Nb4 27.Rac1 Kh7 28.h4 g6 29.Ne7 Bxe7 
30.Rxe7 Kg8 31.c3 Nd5 32.Rd7 Nb6 33.Re7 d3 34.Rd1 c4 35.Be5 Re6 36.Rxe6 fxe6 
37.Bd4 Nd5 38.b3 cxb3 39.Rxd3 b2 40.Rd1 Rb8 41.Rb1 Ne7 42.c4 Nf5 43.Rxb2 Rxb2 
44.Bxb2 Nxh4 45.f4 Nf5 46.Kg2 Kf7 47.Kf3 Ke7 48.Ba3+ Kd7 49.Bc5 Kc6 50.Bxa7 Nd6 
51.c5 Nc8 52.Bb8 Kxc5 53.Ke4 Ne7 54.Bc7 Nc6 55.Kf3 Kd5 56.Bb6 Nd4+ 57.Kg4 Nf5 
58.Bd8 Ke4 59.f3+ Ke3 60.Bb6+ Ke2 61.Ba7 Kf1 62.Bc5 Kg2 63.Bf8 Kf2 64.Bc5+ Ke2 
65.Bb6 Kd3 66.Bc5 Nd4 67.Bf8 Nf5 68.Bc5 Ke2 69.Bb6 h5+ 70.Kg5 Kxf3 71.Kxg6 h4 
72.Bg1 h3 73.Kf6 Kg2 74.Kxe6 Kxg1 75.Kxf5 h2 76.Ke6 h1=Q 77.f5 Qe4+ 78.Kf6 Qe8 
79.Kg7 Qe7+ 80.Kg6 Qf8 0-1

[Event "Jan Macieja Memorial"]
[Site "Warsaw POL"]
[Date "2023.07.10"]
[Round "10.37"]
[White "Dzida, Kamil"]
[Black "Kalus, Franciszek"]
[Result "1-0"]
[WhiteElo "2139"]
[BlackElo "1727"]
[EventDate "2023.07.10"]
[PlyCount "43"]

1.d4 d5 2.c4 e6 3.Nf3 Nf6 4.Nc3 Be7 5.Bf4 O-O 6.e3 c5 7.dxc5 Bxc5 8.a3 Nc6 
9.Be2 dxc4 10.Bxc4 Qe7 11.O-O Rd8 12.Qe2 b6 13.Rfd1 Bb7 14.Ba6 Rac8 15.b4 Bxa6 
16.Qxa6 Bd6 17.Rxd6 Nxb4 18.axb4 Rxc3 19.Qxa7 Rc1+ 20.Rxc1 Rxd6 21.Bxd6 Qxa7 
22.Rc8+ 1-0

[Event "Jan Macieja Memorial"]
[Site "Warsaw POL"]
[Date "2023.07.10"]
[Round "10.38"]
[White "Dunalewicz, Pawel"]
[Black "Kovalevsky, Stanislav"]
[Result "0-1"]
[WhiteElo "1783"]
[BlackElo "2133"]
[EventDate "2023.07.10"]
[PlyCount "69"]

1.e4 e6 2.d3 d5 3.Nd2 b6 4.Ngf3 Bb7 5.g3 dxe4 6.dxe4 Nf6 7.Qe2 Nc6 8.c3 Bc5 
9.Bg2 O-O 10.O-O a5 11.a4 Ng4 12.Nb3 Ba6 13.c4 Nge5 14.Nxe5 Nxe5 15.Rd1 Qe7 
16.Nxc5 Qxc5 17.b3 Rad8 18.Be3 Qb4 19.Bf4 f6 20.Rxd8 Rxd8 21.Rd1 Rxd1+ 22.Qxd1 
Qd6 23.Qxd6 cxd6 24.Bxe5 dxe5 25.f4 exf4 26.gxf4 e5 27.fxe5 fxe5 28.Bh3 Kf7 
29.Kf2 Ke7 30.Ke3 Kd6 31.Bf5 h6 32.Bh3 Kc5 33.Kd3 Kb4 34.Kc2 Bb7 35.Bf5 0-1

[Event "Jan Macieja Memorial"]
[Site "Warsaw POL"]
[Date "2023.07.10"]
[Round "10.39"]
[White "Wiech, Grzegorz"]
[Black "Sacharewicz, Krzysztof"]
[Result "0-1"]
[WhiteElo "2131"]
[BlackElo "1762"]
[EventDate "2023.07.10"]
[PlyCount "116"]

1.e4 c6 2.d4 d5 3.Nd2 dxe4 4.Nxe4 Nd7 5.Nf3 Ngf6 6.Nxf6+ Nxf6 7.Ne5 Be6 8.Be2 
g6 9.h4 h5 10.c3 Bg7 11.Bg5 Nd7 12.Nc4 Bf6 13.Bf4 Bxc4 14.Bxc4 Nb6 15.Bb3 e6 
16.g3 Nd5 17.Be5 Bxe5 18.dxe5 Qc7 19.Qe2 O-O-O 20.O-O-O Rd7 21.Rd2 Rhd8 22.Rhd1 
Ne7 23.Qe3 b6 24.Qf4 Nd5 25.Qg5 Kb7 26.Rd4 c5 27.Bxd5+ Rxd5 28.Rxd5 Rxd5 
29.Rxd5 exd5 30.Qf6 Qd7 31.Kd2 d4 32.c4 Qe6 33.Qf3+ Kc7 34.Qd5 a5 35.a3 Kc8 
36.b4 axb4 37.axb4 cxb4 38.Qxd4 Kc7 39.Qd5 Kc8 40.Kc2 Qf5+ 41.Kb3 Qxf2 42.Qc6+ 
Kd8 43.Qd6+ Ke8 44.Kxb4 Qxg3 45.Kb5 Qb3+ 46.Kc6 Qxc4+ 47.Kxb6 Qb3+ 48.Kc6 Qc4+ 
49.Kb6 Qb3+ 50.Kc5 Qa3+ 51.Kc6 Qxd6+ 52.Kxd6 Kf8 53.Kd7 Kg7 54.Ke7 Kg8 55.Kf6 
Kf8 56.e6 fxe6 57.Kxe6 Kg7 58.Ke7 g5 0-1

[Event "Jan Macieja Memorial"]
[Site "Warsaw POL"]
[Date "2023.07.10"]
[Round "10.40"]
[White "Michalska, Aleksandra"]
[Black "Chmiel, Marcin"]
[Result "1-0"]
[WhiteElo "1730"]
[BlackElo "2084"]
[EventDate "2023.07.10"]
[PlyCount "47"]

1.e4 e5 2.Nf3 Nc6 3.Nc3 Nf6 4.Bb5 Nd4 5.Nxd4 exd4 6.e5 dxc3 7.exf6 cxd2+ 8.Bxd2 
Qxf6 9.O-O Be7 10.Re1 O-O 11.Bc3 Qb6 12.Rxe7 Qxb5 13.Qg4 g6 14.Qd4 f6 15.Qh4 
Qh5 16.Qc4+ d5 17.Qxc7 Bf5 18.Rg7+ Kh8 19.Rf7 Rac8 20.Qxb7 g5 21.Bxf6+ Kg8 
22.Rg7+ Kh8 23.Rxh7+ Kg8 24.Qg7# 1-0

[Event "Jan Macieja Memorial"]
[Site "Warsaw POL"]
[Date "2023.07.10"]
[Round "10.41"]
[White "Zhuk, Ivan"]
[Black "Rogulska, Monika"]
[Result "1-0"]
[WhiteElo "2032"]
[BlackElo "1741"]
[EventDate "2023.07.10"]
[PlyCount "43"]

1.e4 e6 2.d4 d5 3.Nc3 Nf6 4.Bg5 Be7 5.e5 Nfd7 6.Bxe7 Qxe7 7.f4 a6 8.Nf3 c5 
9.Bd3 Nc6 10.O-O cxd4 11.Ne2 Nc5 12.Nexd4 O-O 13.Bxh7+ Kxh7 14.Ng5+ Kg6 15.Qg4 
f5 16.exf6 Rxf6 17.Qh4 Rxf4 18.Rxf4 e5 19.Nxc6 bxc6 20.Qh7+ Kxg5 21.Qh4+ Kg6 
22.Qxe7 1-0

[Event "Jan Macieja Memorial"]
[Site "Warsaw POL"]
[Date "2023.07.10"]
[Round "10.42"]
[White "Kazmierowski, Tymon"]
[Black "Derylo, Kamil"]
[Result "1-0"]
[WhiteElo "1698"]
[BlackElo "2026"]
[EventDate "2023.07.10"]
[PlyCount "111"]

1.e4 Nc6 2.Nf3 f5 3.exf5 d5 4.d4 Bxf5 5.Bb5 e6 6.Ne5 Ne7 7.Bg5 Qd6 8.c3 a6 
9.Qa4 Rb8 10.Bxe7 axb5 11.Bxd6 bxa4 12.Bxc7 Rc8 13.Nxc6 Rxc7 14.Ne5 Bd6 15.a3 
O-O 16.Nd2 Bxe5 17.dxe5 d4 18.cxd4 Rc2 19.Ke2 Rxb2 20.Rac1 Ra2 21.Rc3 Rd8 
22.Ke3 h6 23.Rhc1 Kh7 24.Nc4 Bg6 25.Nd6 b6 26.Rd1 Rb8 27.Rd2 Ra1 28.Rb2 h5 
29.f3 Kh6 30.Kf2 Kh7 31.Kg3 Kh6 32.Rc6 Rxa3 33.Rcxb6 Rxb6 34.Rxb6 Rd3 35.Rb4 a3 
36.Ra4 Rb3 37.Nc4 Bd3 38.Nxa3 Rb2 39.Ra5 Bf1 40.Kf4 Bxg2 41.Nc4 Rf2 42.Kg3 Re2 
43.Ra6 Bf1 44.Rxe6+ g6 45.Nd6 Rg2+ 46.Kf4 Rd2 47.Nf5+ Kh7 48.Re7+ Kh8 49.Nh6 
Rxd4+ 50.Kg5 Ra4 51.Kxg6 Bd3+ 52.Kf6 Ra8 53.e6 Rf8+ 54.Rf7 Ra8 55.e7 Bb5 
56.Rf8+ 1-0

[Event "Jan Macieja Memorial"]
[Site "Warsaw POL"]
[Date "2023.07.10"]
[Round "10.43"]
[White "Siekanska, Zuzanna"]
[Black "Budzisz, Adrian"]
[Result "0-1"]
[WhiteElo "1715"]
[BlackElo "2018"]
[EventDate "2023.07.10"]
[PlyCount "82"]

1.d4 Nf6 2.c4 e5 3.dxe5 Ng4 4.Bf4 Nc6 5.Nf3 Bb4+ 6.Nbd2 Qe7 7.e3 Ngxe5 8.Nxe5 
Nxe5 9.Be2 Ng6 10.Bxc7 d5 11.Bg3 h5 12.O-O h4 13.Bf4 Nxf4 14.exf4 O-O 15.cxd5 
Qf6 16.Bd3 Qxf4 17.Qh5 g6 18.Bxg6 fxg6 19.Qxg6+ Kh8 20.Nf3 Bd6 21.Qh5+ Kg7 
22.Rae1 Bg4 23.Qxh4 Bxf3 24.Qxf4 Rxf4 25.gxf3 Rxf3 26.Re6 Rf6 27.Rfe1 Raf8 
28.Rxf6 Rxf6 29.Re4 Bc5 30.Re2 Rf5 31.Rd2 Bd6 32.a3 Kf6 33.b4 Rf3 34.Re2 Be5 
35.a4 Rd3 36.f4 Bxf4 37.Re6+ Kf5 38.Re7 Rxd5 39.Rxb7 Rd2 40.Rxa7 Be3+ 41.Kf1 
Bxa7 0-1

[Event "Jan Macieja Memorial"]
[Site "Warsaw POL"]
[Date "2023.07.10"]
[Round "10.44"]
[White "Syrkiewicz, Michal"]
[Black "Bukala, Weronika"]
[Result "1-0"]
[WhiteElo "2009"]
[BlackElo "1687"]
[EventDate "2023.07.10"]
[PlyCount "54"]

1.e4 c5 2.Nf3 d6 3.d4 cxd4 4.Nxd4 Nf6 5.Nc3 a6 6.Bc4 e6 7.O-O Be7 8.Bb3 O-O 
9.Qf3 Qc7 10.Qg3 Nc6 11.Be3 Nxd4 12.Bxd4 b5 13.a3 Bb7 14.Rae1 a5 15.Nxb5 Qd7 
16.Nc3 e5 17.Bb6 Ba6 18.f3 Bxf1 19.Rxf1 Rfb8 20.Be3 a4 21.Bd5 Nxd5 22.Nxd5 Ra6 
23.Bh6 g6 24.Bc1 Rc6 25.c3 Qa7+ 26.Kh1 Kh8 27.f4 exf4 1-0

[Event "Jan Macieja Memorial"]
[Site "Warsaw POL"]
[Date "2023.07.10"]
[Round "10.45"]
[White "Sternik, Piotr"]
[Black "Zalega, Maciej"]
[Result "1-0"]
[WhiteElo "1642"]
[BlackElo "1992"]
[EventDate "2023.07.10"]
[PlyCount "54"]

1.d4 Nf6 2.Bg5 e6 3.e3 h6 4.Bh4 Be7 5.Bd3 d5 6.c4 O-O 7.Nc3 c6 8.Nf3 Nbd7 9.O-O 
b6 10.Qc2 Bb7 11.Rfe1 c5 12.cxd5 Nxd5 13.Bxe7 Qxe7 14.Nxd5 Bxd5 15.Rad1 Rac8 
16.Qb1 Bxf3 17.gxf3 c4 18.Bf1 Nf6 19.Bg2 Nd5 20.Qc1 c3 21.b3 c2 22.Rd2 Nb4 
23.Qb2 Nxa2 24.Rxc2 Nb4 25.Rxc8 Rxc8 26.Rc1 Rd8 27.Qc3 a5 1-0

[Event "Jan Macieja Memorial"]
[Site "Warsaw POL"]
[Date "2023.07.10"]
[Round "10.46"]
[White "Adamczyk, Zuzanna"]
[Black "Jaszczuk, Piotr"]
[Result "1-0"]
[WhiteElo "1983"]
[BlackElo "1627"]
[EventDate "2023.07.10"]
[PlyCount "80"]

1.d4 Nf6 2.c4 g6 3.Nc3 Bg7 4.e4 O-O 5.Be2 d6 6.Nf3 e5 7.Be3 Nc6 8.d5 Ne7 9.Nd2 
Kh8 10.b4 h6 11.c5 Nh7 12.f3 f5 13.Nc4 f4 14.Bf2 g5 15.h3 Ng6 16.Qb3 Nh4 17.Rg1 
Nf6 18.O-O-O Ng6 19.b5 b6 20.cxd6 cxd6 21.a4 Bb7 22.Na2 Qc7 23.Nb4 Nd7 24.Nc6 
Nc5 25.Bxc5 bxc5 26.N4a5 Ne7 27.Bc4 Nc8 28.Nxb7 Qxb7 29.a5 Qc7 30.Kc2 Bf6 
31.Ra1 Kg7 32.Rgb1 Qb7 33.Rb2 Bd8 34.Nxd8 Rxd8 35.Rab1 Rd7 36.b6 axb6 37.axb6 
Rb8 38.Bb5 Re7 39.Bc6 Qa6 40.Qb5 Qxb5 1-0

[Event "Jan Macieja Memorial"]
[Site "Warsaw POL"]
[Date "2023.07.10"]
[Round "10.47"]
[White "Kaszuba, Michal"]
[Black "Adamski, Jan"]
[Result "0-1"]
[WhiteElo "1564"]
[BlackElo "1966"]
[EventDate "2023.07.10"]
[PlyCount "106"]

1.d4 Nf6 2.Nf3 e6 3.g3 b5 4.Bg2 Bb7 5.O-O c5 6.c4 bxc4 7.Nc3 cxd4 8.Qxd4 d5 
9.Ne5 Be7 10.Qd1 Nc6 11.Qa4 Rc8 12.Nxc6 Bxc6 13.Qxa7 O-O 14.Qd4 Qa5 15.Be3 Nd7 
16.Bd2 Bf6 17.Nxd5 Qxd5 18.Bxd5 Bxd4 19.Bxc6 Rxc6 20.Bc3 Bxc3 21.bxc3 Nf6 22.f3 
Nd5 23.Rac1 Ne3 24.Rfe1 Ra8 25.Kf2 Nd5 26.Red1 Rca6 27.Rc2 Rxa2 28.Rxa2 Rxa2 
29.Ke1 g5 30.Rc1 f5 31.Rb1 Kg7 32.Rb7+ Kg6 33.h4 gxh4 34.gxh4 Nxc3 35.h5+ Kxh5 
36.Rxh7+ Kg6 37.Rh2 Rxe2+ 38.Rxe2 Nxe2 39.Kxe2 Kg5 40.Ke3 c3 41.Kd3 Kf4 42.Kxc3 
Kxf3 43.Kd3 e5 44.Kd2 Kf2 45.Kd1 e4 46.Kc2 e3 47.Kb1 e2 48.Ka2 e1=Q 49.Ka3 Qb1 
50.Ka4 Ke3 51.Ka3 Kd4 52.Ka4 Kc4 53.Ka3 Qb3# 0-1

[Event "Jan Macieja Memorial"]
[Site "Warsaw POL"]
[Date "2023.07.10"]
[Round "10.48"]
[White "Korbal, Arkadiusz"]
[Black "Stefaniuk, Zbigniew"]
[Result "1-0"]
[WhiteElo "1956"]
[BlackElo "1684"]
[EventDate "2023.07.10"]
[PlyCount "48"]

1.d4 Nf6 2.c4 d6 3.Nc3 e5 4.Nf3 Nbd7 5.e4 g6 6.Be2 Bg7 7.O-O O-O 8.d5 Nh5 9.Ne1 
Nf4 10.Nd3 Nxe2+ 11.Qxe2 f5 12.f4 fxe4 13.Nxe4 exf4 14.Nxf4 Ne5 15.h3 Qh4 16.g3 
Qe7 17.Bd2 Bf5 18.Rae1 Rae8 19.g4 Bxe4 20.Qxe4 Nc6 21.Ne6 Rxf1+ 22.Rxf1 Nd4 
23.Bg5 Qd7 24.Bf6 Nxe6 1-0

[Event "Jan Macieja Memorial"]
[Site "Warsaw POL"]
[Date "2023.07.10"]
[Round "10.49"]
[White "Majek, Kacper"]
[Black "Kudlak, Julia"]
[Result "1-0"]
[WhiteElo "1950"]
[BlackElo "1656"]
[EventDate "2023.07.10"]
[PlyCount "51"]

1.e4 c5 2.Nf3 Nc6 3.Bb5 e6 4.Bxc6 bxc6 5.d3 g6 6.O-O Bg7 7.e5 Ne7 8.Nc3 Qc7 
9.Re1 O-O 10.Bg5 Nf5 11.Ne4 h6 12.Bf6 Rb8 13.b3 a5 14.a4 d6 15.g4 dxe5 16.gxf5 
exf5 17.Bxg7 fxe4 18.Bxf8 exf3 19.Bxh6 Bg4 20.Qd2 Kh7 21.Bg5 Kg7 22.h3 Rh8 
23.hxg4 Qd7 24.Re4 f5 25.Rxe5 fxg4 26.Re7+ 1-0

[Event "Jan Macieja Memorial"]
[Site "Warsaw POL"]
[Date "2023.07.10"]
[Round "10.50"]
[White "Lecki, Leonard"]
[Black "Gronkowski, Dariusz"]
[Result "1-0"]
[WhiteElo "1879"]
[BlackElo "1539"]
[EventDate "2023.07.10"]
[PlyCount "65"]

1.e4 c5 2.d4 cxd4 3.c3 d3 4.Bxd3 Nc6 5.Nf3 e5 6.O-O Nf6 7.Bg5 Be7 8.Na3 h6 
9.Bxf6 Bxf6 10.Nc2 O-O 11.Ne3 d6 12.Bc4 Na5 13.Qc2 Nxc4 14.Nxc4 b5 15.Ne3 Bb7 
16.Rfd1 Qc7 17.Ne1 Rfd8 18.Qb3 Bxe4 19.Qxb5 Rab8 20.Qa4 Rxb2 21.Qxe4 Qxc3 
22.Nd5 Qc5 23.Nd3 Qc2 24.Nxf6+ gxf6 25.Qg4+ Kf8 26.Nxb2 Qxb2 27.Rac1 Qxa2 
28.Rc8 Rxc8 29.Qxc8+ Kg7 30.h3 d5 31.Qg4+ Kf8 32.Qf3 e4 33.Qxf6 1-0

[Event "Jan Macieja Memorial"]
[Site "Warsaw POL"]
[Date "2023.07.10"]
[Round "10.51"]
[White "Malowidzki, Maciej"]
[Black "Sprzeczka, Emilia"]
[Result "0-1"]
[WhiteElo "1504"]
[BlackElo "1876"]
[EventDate "2023.07.10"]
[PlyCount "88"]

1.c4 g6 2.g3 Bg7 3.Bg2 c5 4.Nc3 Nf6 5.Nf3 Nc6 6.d4 cxd4 7.Nxd4 O-O 8.O-O Nxd4 
9.Qxd4 d6 10.Qd3 Nd7 11.b3 Nc5 12.Qc2 Bf5 13.Qd2 Ne4 14.Bxe4 Bxe4 15.Bb2 Bc6 
16.Nd5 Qd7 17.Bxg7 Kxg7 18.Rad1 f6 19.f3 b5 20.cxb5 Bxb5 21.Rc1 Rfc8 22.Qe3 e6 
23.Nf4 e5 24.Nd5 Qb7 25.Rfd1 Rxc1 26.Qxc1 Bxe2 27.Rd2 Bxf3 28.Ne3 Rc8 29.Qf1 
Rd8 30.Nc4 Bd5 31.Ne3 Be6 32.Qd1 Qb6 33.Kf2 d5 34.Ke2 d4 35.Nc4 Qc5 36.Qc2 Bf5 
37.Qb2 d3+ 38.Kf3 e4+ 39.Kg2 e3 40.Nxe3 Qxe3 41.Qc3 Be4+ 42.Kh3 Qh6+ 43.Kg4 
Qh5+ 44.Kf4 Qf3# 0-1

[Event "Jan Macieja Memorial"]
[Site "Warsaw POL"]
[Date "2023.07.10"]
[Round "10.52"]
[White "Yakovenko, Maxim"]
[Black "Szewczak, Andrzej"]
[Result "0-1"]
[WhiteElo "1472"]
[BlackElo "1843"]
[EventDate "2023.07.10"]
[PlyCount "60"]

1.e4 e5 2.f4 exf4 3.Nf3 d6 4.Bc4 Be6 5.Bxe6 fxe6 6.O-O e5 7.d4 Nc6 8.dxe5 dxe5 
9.Qe2 Qe7 10.b3 O-O-O 11.Bb2 Nf6 12.a4 h6 13.a5 a6 14.Nc3 Qe6 15.Na4 Bd6 16.Ba3 
g5 17.Nc5 Bxc5+ 18.Bxc5 Rdg8 19.b4 Nd7 20.b5 Nxc5 21.bxc6 Qxc6 22.Nd2 g4 23.Ra3 
h5 24.Rc3 Qd6 25.Kh1 Rd8 26.Nc4 Qd4 27.Rd3 Nxd3 28.cxd3 Rhe8 29.Rb1 Qxd3 30.Qb2 
Qd1+ 0-1

[Event "Jan Macieja Memorial"]
[Site "Warsaw POL"]
[Date "2023.07.10"]
[Round "10.54"]
[White "Backiel, Hubert"]
[Black "Spicak, Krzysztof"]
[Result "1-0"]
[WhiteElo "1823"]
[BlackElo "1571"]
[EventDate "2023.07.10"]
[PlyCount "78"]

1.e4 e5 2.Nf3 Nc6 3.Bb5 g6 4.O-O Bg7 5.c3 a6 6.Ba4 b5 7.Bb3 Na5 8.Bc2 c5 9.d4 
d6 10.dxc5 dxc5 11.Qxd8+ Kxd8 12.Bg5+ Kc7 13.a4 b4 14.Nbd2 Be6 15.cxb4 cxb4 
16.Rac1 Kb7 17.Bd3 f6 18.Be3 Bf8 19.Rc2 Bd6 20.Rfc1 Ne7 21.Bc5 Bxc5 22.Rxc5 
Nac6 23.Nc4 Rhd8 24.Bf1 Rac8 25.h3 Bxc4 26.R1xc4 Kb6 27.a5+ Nxa5 28.Rxc8 Rxc8 
29.Rxb4+ Ka7 30.Nd2 Rc2 31.Ra4 Rxd2 32.Rxa5 Rxb2 33.Rxa6+ Kb7 34.Rxf6 Kc7 
35.Rf7 Kd6 36.Rxh7 Rb1 37.Rg7 Re1 38.f3 Ke6 39.Kf2 Rc1 1-0

[Event "Jan Macieja Memorial"]
[Site "Warsaw POL"]
[Date "2023.07.10"]
[Round "10.55"]
[White "Wojtas, Jan"]
[Black "Karut, Kacper"]
[Result "0-1"]
[WhiteElo "1297"]
[BlackElo "1796"]
[EventDate "2023.07.10"]
[PlyCount "58"]

1.e4 c5 2.Nf3 Nc6 3.Bb5 d5 4.exd5 Qxd5 5.Nc3 Qe6+ 6.Qe2 Qxe2+ 7.Nxe2 Bd7 8.a4 
e6 9.d3 Nf6 10.O-O Be7 11.Re1 O-O 12.Bf4 Rac8 13.c3 Rfd8 14.Rad1 Nd5 15.Bg3 Bf6 
16.Bc4 Nb6 17.Bb3 Na5 18.Bc2 Bxa4 19.Bxa4 Nxa4 20.Ra1 b5 21.b3 Nxb3 22.Ra3 Na5 
23.d4 cxd4 24.Nfxd4 Nc4 25.Rb3 a6 26.Rc1 Nc5 27.Rbb1 e5 28.Nf5 Rd2 29.Kf1 Rcd8 0-1

[Event "Jan Macieja Memorial"]
[Site "Warsaw POL"]
[Date "2023.07.10"]
[Round "10.56"]
[White "Wieckowski, Michal"]
[Black "Kowalski, Witold"]
[Result "1-0"]
[WhiteElo "1792"]
[BlackElo "1466"]
[EventDate "2023.07.10"]
[PlyCount "81"]

1.d4 d5 2.c4 c6 3.Nf3 Nf6 4.g3 a6 5.Qc2 g6 6.Bg2 Bf5 7.Qb3 Qc8 8.c5 Bg7 9.O-O 
O-O 10.Nc3 Nbd7 11.Na4 Re8 12.Nh4 Bg4 13.f3 Be6 14.Qc3 h6 15.e4 g5 16.Nf5 Bxf5 
17.exf5 Rb8 18.g4 b5 19.cxb6 Nxb6 20.Nc5 Nfd7 21.f4 Nxc5 22.Qxc5 Nd7 23.Qc3 c5 
24.Be3 gxf4 25.Rxf4 Nb6 26.Qxc5 Nc4 27.Bc1 Qxc5 28.dxc5 e6 29.f6 Bf8 30.b3 
Bxc5+ 31.Kh1 Ne5 32.Bb2 Ng6 33.Ra4 Rb6 34.Rc1 Bd6 35.Bf3 Be5 36.Ba3 Bxf6 37.Rc7 
Ne5 38.Be2 d4 39.Rxd4 Ng6 40.Rdc4 Rd6 41.Bxd6 1-0

[Event "Jan Macieja Memorial"]
[Site "Warsaw POL"]
[Date "2023.07.10"]
[Round "10.58"]
[White "Zajkowska, Olga"]
[Black "Janeczko, Jakub"]
[Result "0-1"]
[WhiteElo "1722"]
[BlackElo "1991"]
[EventDate "2023.07.10"]
[PlyCount "70"]

1.d4 Nf6 2.c4 g6 3.Nc3 Bg7 4.e4 d6 5.Bg5 O-O 6.Qd2 Na6 7.f3 c6 8.h4 Nc7 9.g4 h5 
10.gxh5 Nxh5 11.Nge2 b5 12.Nf4 Nxf4 13.Bxf4 Ne6 14.Be3 b4 15.Ne2 d5 16.cxd5 
cxd5 17.e5 f6 18.h5 fxe5 19.h6 Bf6 20.h7+ Kh8 21.Bh6 exd4 22.Bxf8 Qxf8 23.Qxb4 
Ba6 24.Qa5 Bc4 25.b3 Bd3 26.Qxd5 Bf5 27.Rd1 Rd8 28.Qa5 Qg7 29.Ng3 d3 30.Nxf5 
Bc3+ 31.Kf2 gxf5 32.Qxf5 Bd4+ 33.Ke1 Qg3+ 34.Kd2 Qf2+ 35.Kc1 Qc2# 0-1

[Event "Jan Macieja Memorial"]
[Site "Warsaw POL"]
[Date "2023.07.10"]
[Round "10.59"]
[White "Goslawski, Michal"]
[Black "Obukhava, Anastasiya"]
[Result "0-1"]
[WhiteElo "1989"]
[BlackElo "1663"]
[EventDate "2023.07.10"]
[PlyCount "62"]

1.c4 c5 2.g3 g6 3.Bg2 Bg7 4.Nc3 Nc6 5.e4 e6 6.Nge2 Nge7 7.O-O O-O 8.Rb1 d6 9.a3 
a5 10.d3 b6 11.f4 Bb7 12.Nb5 d5 13.exd5 exd5 14.Nec3 dxc4 15.dxc4 Nf5 16.Nd5 
Nfd4 17.Nxd4 Nxd4 18.Be3 Re8 19.Bf2 Bxd5 20.Bxd5 Ra7 21.b4 Rd7 22.bxc5 bxc5 
23.Qa4 Re2 24.Rfd1 Rxd5 25.cxd5 Qxd5 26.Rb8+ Bf8 27.Rdb1 Qf3 28.Rf1 Qe4 29.Rd1 
Nf3+ 30.Kf1 Nxh2+ 31.Kg1 Qxa4 0-1

[Event "Jan Macieja Memorial"]
[Site "Warsaw POL"]
[Date "2023.07.10"]
[Round "10.60"]
[White "Piotrowski, Daniel"]
[Black "Nowakowski, Maksymilian"]
[Result "0-1"]
[WhiteElo "1906"]
[BlackElo "1603"]
[EventDate "2023.07.10"]
[PlyCount "104"]

1.d4 Nf6 2.Nc3 d5 3.Bg5 e6 4.e4 dxe4 5.Nxe4 Be7 6.Bxf6 Bxf6 7.Nf3 O-O 8.Bd3 
Bxd4 9.Neg5 f5 10.Nxh7 Bxb2 11.Nxf8 Bc3+ 12.Ke2 Bxa1 13.Qxa1 Qxf8 14.Qe5 Qd6 
15.Qe3 Nc6 16.Bc4 Bd7 17.Re1 Re8 18.Rd1 Qe7 19.Kf1 a6 20.h4 b5 21.Bb3 a5 22.Ng5 
a4 23.Rxd7 Qxd7 24.Bxe6+ Rxe6 25.Qxe6+ Qxe6 26.Nxe6 Nb4 27.Nxc7 Nxa2 28.Nxb5 
Nb4 29.c4 Nc2 30.Ke2 a3 31.Nc3 Nb4 32.c5 Kf7 33.Ke3 a2 34.Nxa2 Nxa2 35.Kd4 Ke6 
36.f3 Nb4 37.g4 Nc6+ 38.Kc4 fxg4 39.fxg4 Ne5+ 40.Kb5 Kd5 41.g5 g6 42.Kb6 Nd7+ 
43.Kc7 Nxc5 44.Kb6 Ne6 45.Kb7 Ke5 46.Kc6 Kf5 47.Kd6 Ng7 48.Ke7 Nh5 49.Kf7 Nf4 
50.Kg7 Kg4 51.Kf6 Kxh4 52.Ke5 Kxg5 0-1

[Event "Jan Macieja Memorial"]
[Site "Warsaw POL"]
[Date "2023.07.10"]
[Round "10.61"]
[White "Yasmo, Daniil"]
[Black "Smietanska, Wiktoria"]
[Result "0-1"]
[WhiteElo "1678"]
[BlackElo "1886"]
[EventDate "2023.07.10"]
[PlyCount "88"]

1.c4 Nf6 2.Nc3 g6 3.e4 d6 4.d4 Bg7 5.h3 O-O 6.Be3 e5 7.d5 Ne8 8.g4 a5 9.Bd3 Na6 
10.h4 f5 11.exf5 gxf5 12.gxf5 Bxf5 13.Nge2 Bxd3 14.Qxd3 Nc5 15.Bxc5 dxc5 16.Ne4 
b6 17.Ng5 e4 18.Qxe4 Nf6 19.Qe6+ Kh8 20.Nf7+ Rxf7 21.Qxf7 Qd6 22.Qe6 Qf8 23.Qe3 
Re8 24.Qf3 Qe7 25.Kf1 Ne4 26.Qe3 Rf8 27.Rh2 Bxb2 28.Rb1 Bg7 29.Kg1 Rg8 30.Kh1 
Re8 31.Rg2 Qxh4+ 32.Rh2 Qf6 33.Qh3 Nxf2+ 34.Rxf2 Qxf2 35.Rg1 Qxe2 36.Qd7 Qe4+ 
37.Kh2 Qh4+ 38.Kg2 Re2+ 39.Kf3 Qf2+ 40.Kg4 Qxg1+ 41.Kf3 Qf2+ 42.Kg4 Re4+ 43.Kg5 
Qh4+ 44.Kf5 Qg4# 0-1

[Event "Jan Macieja Memorial"]
[Site "Warsaw POL"]
[Date "2023.07.10"]
[Round "10.62"]
[White "Borowicz, Joachim"]
[Black "Gbiorczyk, Mikolaj"]
[Result "0-1"]
[WhiteElo "1568"]
[BlackElo "1874"]
[EventDate "2023.07.10"]
[PlyCount "114"]

1.d4 f5 2.e4 fxe4 3.Nc3 Nf6 4.Bg5 g6 5.Bxf6 exf6 6.Nxe4 d5 7.Ng3 Qe7+ 8.Qe2 Nc6 
9.Nf3 h5 10.Qxe7+ Nxe7 11.h4 Bh6 12.Bd3 Kf7 13.c3 Bg4 14.Nh2 Bd7 15.O-O Rhe8 
16.Rfe1 Bf4 17.Nhf1 Ng8 18.Ne3 c6 19.Re2 Re7 20.Rae1 Rae8 21.Ngf1 Nh6 22.g3 Bc7 
23.Nd2 Bd6 24.Kg2 a5 25.a4 b6 26.b3 Kg7 27.Nf3 Nf7 28.Nc2 Rxe2 29.Rxe2 Rxe2 
30.Bxe2 Bf5 31.Ne3 Bb1 32.c4 dxc4 33.bxc4 Bc7 34.d5 cxd5 35.Nxd5 Bd8 36.Nd2 Bc2 
37.Nc3 Nd6 38.Bd1 Bf5 39.Nb3 Nxc4 40.Nb5 Nb2 41.Nc3 Be7 42.Nd4 Bd7 43.Bb3 Bb4 
44.Ncb5 Bc5 45.Kf3 Bxd4 46.Nxd4 Bxa4 47.Bxa4 Nxa4 48.Ke3 Nc5 49.Kd2 Ne4+ 50.Ke3 
f5 51.Nb5 Kf6 52.Nc7 Ke5 53.f4+ Kd6 54.Nb5+ Kc5 55.Na3 b5 56.Kf3 b4 57.Nb1 a4 0-1

[Event "Jan Macieja Memorial"]
[Site "Warsaw POL"]
[Date "2023.07.10"]
[Round "11.1"]
[White "Kazakouski, Valery"]
[Black "Bartel, Mateusz"]
[Result "1-0"]
[WhiteElo "2546"]
[BlackElo "2529"]
[EventDate "2023.07.10"]
[PlyCount "71"]

1.Nf3 d5 2.c4 d4 3.b4 g5 4.g3 h6 5.Bg2 Bg7 6.d3 Na6 7.Qb3 e5 8.Ba3 Ne7 9.Nbd2 
O-O 10.O-O Re8 11.b5 Nb8 12.Ne4 Nd7 13.Rae1 Ng6 14.e3 Ndf8 15.exd4 exd4 16.Nfd2 
Rb8 17.Nc5 Rxe1 18.Rxe1 b6 19.Na6 Bxa6 20.bxa6 c5 21.Bc1 Nd7 22.Ne4 Qc7 23.a4 
f5 24.Nd2 Nde5 25.Nf3 Nc6 26.Qb5 Nb4 27.Bd2 Nxd3 28.Re6 Nde5 29.Nxe5 Nxe5 30.f4 
Nf7 31.Bd5 Kh7 32.Qb1 Nd6 33.fxg5 hxg5 34.Bxg5 Re8 35.Rxe8 Nxe8 36.Qxf5+ 1-0